Management Principles and Practices (Record no. 53209)

000 -LEADER
fixed length control field 00387nam a2200145Ia 4500
008 - FIXED-LENGTH DATA ELEMENTS--GENERAL INFORMATION
fixed length control field 260330s9999 xx 000 0 und d
020 ## - INTERNATIONAL STANDARD BOOK NUMBER
International Standard Book Number 9.7893607469e+012
082 ## - DEWEY DECIMAL CLASSIFICATION NUMBER
Classification number 658
Item number MUR/M
100 ## - MAIN ENTRY--PERSONAL NAME
Personal name Murugan, M Sakthivel
245 #0 - TITLE STATEMENT
Title Management Principles and Practices
250 ## - EDITION STATEMENT
Edition statement 3rd
260 ## - PUBLICATION, DISTRIBUTION, ETC.
Place of publication, distribution, etc. New Delhi
Name of publisher, distributor, etc. New Age International Publishers
Date of publication, distribution, etc. 2026
300 ## - PHYSICAL DESCRIPTION
Extent 703p.
942 ## - ADDED ENTRY ELEMENTS (KOHA)
Koha item type Book

No items available.

All Rights Reserved@MUIT

Powered by Koha